[Event "75th ch-ARM 1st League 2014"]
[Site "Yerevan ARM"]
[Date "2014.08.30"]
[Round "9.7"]
[White "Harutjunyan, Gevorg"]
[Black "Poghosyan, Suren"]
[Result "1-0"]
[WhiteTitle "GM"]
[BlackTitle "FM"]
[WhiteElo "2444"]
[BlackElo "2284"]
[WhiteFideId "13300873"]
[BlackFideId "13303201"]
[EventDate "2014.08.21"]

1. Nf3 Nf6 2. c4 e6 3. g3 d5 4. d4 dxc4 5. Bg2 Bb4+ 6. Bd2 a5 7. Qc2 b5 8. a4 c6
9. axb5 Bxd2+ 10. Qxd2 cxb5 11. Qg5 b4 12. Ne5 Ra7 13. Qxg7 Rg8 14. Qh6 Bb7 15.
Bxb7 Rxb7 16. Nd2 c3 17. bxc3 bxc3 18. Ndc4 Ke7 19. O-O Qxd4 20. Rfd1 Qc5 21.
Rxa5 Rb5 22. Rxb5 Qxb5 23. Qe3 Nbd7 24. Qxc3 Rc8 25. Qd4 Nxe5 26. Nxe5 Qc5 27.
Qf4 Rc7 28. Kg2 Qb6 29. Qg5 Qxf2+ 30. Kxf2 1-0

[Event "75th ch-ARM 1st League 2014"]
[Site "Yerevan ARM"]
[Date "2014.08.31"]
[Round "10.1"]
[White "Harutyunian, Tigran K."]
[Black "Mikaelyan, Arman"]
[Result "1/2-1/2"]
[WhiteTitle "IM"]
[WhiteElo "2439"]
[BlackElo "2327"]
[WhiteFideId "13303635"]
[BlackFideId "13304852"]
[EventDate "2014.08.21"]

1. Nf3 Nf6 2. c4 c6 3. d4 d5 4. Qc2 dxc4 5. Qxc4 Bf5 6. g3 e6 7. Bg2 Nbd7 8. O-O
Be7 9. Nc3 O-O 10. Re1 Ne4 11. Bf4 Qb6 12. Nh4 Bxh4 13. Nxe4 Be7 14. Nd6 Bg6 15.
Qc3 Rfd8 16. Nc4 Qa6 17. e4 Nb6 18. b3 Nxc4 19. bxc4 Bf6 20. e5 Be7 21. Be3 Qa3
22. Qb3 Rd7 23. Re2 Qxb3 24. axb3 Bb4 25. Rc1 a5 26. Bf3 h6 27. h4 a4 28. Ra2 a3
29. c5 Bd3 30. Bg2 Rad8 31. Bf1 Bb5 32. Bc4 Rxd4 33. Bxd4 Rxd4 34. Bxb5 cxb5 35.
c6 bxc6 36. Rxc6 Re4 37. Rac2 Rxe5 38. Ra6 h5 39. Ra7 Rf5 40. Kg2 Kh7 41. f4 Bc5
42. Rd7 b4 43. Kf3 Bf8 44. Rcc7 Bc5 45. Rd2 Kh6 46. Rd1 g6 47. Rc8 Kg7 48. Rd7
Bf8 49. Rcc7 Bc5 50. Rc8 Kh7 51. Ke4 Bf2 52. Kf3 Be1 53. Ra7 Bc3 54. Ke4 Kg7 55.
Re8 Kh6 56. Ree7 Bg7 57. Reb7 Bc3 58. Re7 Bb2 59. Reb7 Bc3 60. Re7 1/2-1/2

[Event "75th ch-ARM 1st League 2014"]
[Site "Yerevan ARM"]
[Date "2014.08.31"]
[Round "10.2"]
[White "Hayrapetyan, Hovik"]
[Black "Martirosyan, Haik M."]
[Result "1-0"]
[WhiteTitle "GM"]
[BlackTitle "FM"]
[WhiteElo "2438"]
[BlackElo "2328"]
[WhiteFideId "13302639"]
[BlackFideId "13306553"]
[EventDate "2014.08.21"]

1. Nf3 Nf6 2. c4 e6 3. b3 c5 4. Bb2 Be7 5. e3 O-O 6. d4 cxd4 7. exd4 d5 8. Bd3
b6 9. Nbd2 Bb7 10. Qe2 Nbd7 11. O-O Bd6 12. Ne5 Qe7 13. f4 Ba3 14. Bxa3 Qxa3 15.
Ndf3 Qd6 16. Rad1 h6 17. Qe3 Rad8 18. g4 Ne4 19. Nxd7 Qxd7 20. Ne5 Qe8 21. Bxe4
dxe4 22. f5 Qe7 23. f6 gxf6 24. Qxh6 Rxd4 25. Ng6 fxg6 26. Qxg6+ Kh8 27. Qh6+
Kg8 28. Rxd4 Qc5 29. Qg6+ Kh8 30. Qh5+ Qxh5 31. gxh5 Rg8+ 32. Kf2 f5 33. Rfd1
Bc6 34. Rd6 Be8 35. Rxe6 Kh7 36. Rd8 1-0

[Event "75th ch-ARM 1st League 2014"]
[Site "Yerevan ARM"]
[Date "2014.08.31"]
[Round "10.3"]
[White "Vardanian, Haik G."]
[Black "Shahinyan, David"]
[Result "0-1"]
[WhiteTitle "FM"]
[BlackTitle "FM"]
[WhiteElo "2314"]
[BlackElo "2383"]
[WhiteFideId "13303562"]
[BlackFideId "13304380"]
[EventDate "2014.08.21"]

1. c4 e5 2. Nc3 Nc6 3. a3 g6 4. b4 Bg7 5. Bb2 d6 6. g3 Be6 7. Nd5 Nce7 8. e4 c6
9. Ne3 f5 10. Nf3 Nf6 11. Ng5 Bg8 12. exf5 gxf5 13. d4 h6 14. Nf3 e4 15. Nh4 Bh7
16. Bh3 Qd7 17. d5 O-O 18. dxc6 bxc6 19. f3 exf3 20. Qxf3 Ne4 21. Bxg7 Ng5 22.
Qd1 Kxg7 23. Qd4+ Kg8 24. Bg2 f4 25. gxf4 Ne6 26. Qc3 Rxf4 27. Rg1 Ng5 28. Nf3
Ng6 29. Nxg5 hxg5 30. b5 Ne5 31. O-O-O Qg7 32. Rxd6 Re8 33. Rgd1 Nf7 34. R6d4 c5
35. R4d3 Bxd3 36. Rxd3 Qxc3+ 37. Rxc3 Rf2 38. Bc6 Re7 39. h3 Rh2 40. Nc2 Nd6 41.
a4 Nf5 42. Bf3 Kg7 43. Bg4 Nd6 44. a5 Rf7 45. Be6 Rf1+ 46. Kb2 Ne4 47. Re3 Nf2
48. Bg4 Nxg4 49. hxg4 Rff2 50. Rc3 Kf6 51. a6 Ke5 52. b6 axb6 53. a7 Rf8 54. Rf3
Rhh8 55. Re3+ Kf4 56. Re7 Kxg4 57. Ne3+ Kf3 58. Nd5 g4 59. Kb3 g3 60. Nxb6 g2
61. Rg7 Rb8 62. axb8=Q Rxb8 63. Rf7+ Ke4 64. Re7+ Kf5 65. Re1 Rxb6+ 66. Kc3 Rg6 0-1

[Event "75th ch-ARM 1st League 2014"]
[Site "Yerevan ARM"]
[Date "2014.08.31"]
[Round "10.4"]
[White "Babujian, Levon"]
[Black "Alaverdyan, Gevorg"]
[Result "0-1"]
[WhiteTitle "GM"]
[BlackTitle "FM"]
[WhiteElo "2484"]
[BlackElo "2369"]
[WhiteFideId "13301993"]
[BlackFideId "13303058"]
[EventDate "2014.08.21"]

1. e4 e5 2. Nf3 Nc6 3. d4 exd4 4. Nxd4 Bc5 5. Nb3 Bb4+ 6. c3 Be7 7. c4 Nf6 8.
Nc3 O-O 9. Be2 Re8 10. O-O d6 11. f3 h6 12. Be3 Ne5 13. Rc1 c6 14. Nd4 Bf8 15.
Qd2 a6 16. Rfd1 b5 17. cxb5 axb5 18. b3 b4 19. Na4 Bd7 20. Bf2 Qb8 21. Nf5 Bxf5
22. exf5 c5 23. Bh4 Nc6 24. Bxf6 gxf6 25. Bc4 Nd4 26. Re1 Qb7 27. Qf2 d5 28. Bf1
Qa7 29. Red1 Re5 30. Rd3 Rae8 31. Kh1 Kh7 32. Qh4 Nxf5 33. Qf2 Ne3 34. f4 Re4
35. Be2 c4 36. Rxd5 Qe7 37. Ra5 Nd1 38. Rxd1 Rxe2 39. Qg1 c3 40. Rad5 c2 41. Rf1
Re1 42. Rc5 Rxf1 43. Qxf1 Qe1 0-1

[Event "75th ch-ARM 1st League 2014"]
[Site "Yerevan ARM"]
[Date "2014.08.31"]
[Round "10.5"]
[White "Petrosian, Davit G."]
[Black "Gabuzyan, Hovhannes"]
[Result "0-1"]
[WhiteTitle "GM"]
[BlackTitle "GM"]
[WhiteElo "2398"]
[BlackElo "2582"]
[WhiteFideId "13301349"]
[BlackFideId "13303732"]
[EventDate "2014.08.21"]

1. e4 c5 2. Nf3 d6 3. d4 cxd4 4. Nxd4 Nf6 5. Nc3 a6 6. Bc4 e6 7. Bb3 Nbd7 8. Qe2
Nc5 9. Bg5 Be7 10. f4 h6 11. Bxf6 Bxf6 12. O-O-O Qc7 13. Rhe1 Bd7 14. Kb1 O-O-O
15. g3 Kb8 16. Qf2 Rhf8 17. h4 Rc8 18. g4 g6 19. g5 hxg5 20. hxg5 Bg7 21. Rd2
Rh8 22. Qe3 Rh4 23. Red1 Rch8 24. Nf3 Bxc3 25. bxc3 Rh1 26. Ne1 R8h3 27. Qd4 e5
28. Qxd6 Bg4 29. Qf8+ Ka7 30. Rd8 Bxd1 31. Rc8 Qxc8 32. Qxc8 Rxc3 33. Qf8 Rxe1
34. Kb2 Nxe4 35. fxe5 Bxc2 36. Qd8 Rb1+ 0-1

[Event "75th ch-ARM 1st League 2014"]
[Site "Yerevan ARM"]
[Date "2014.08.31"]
[Round "10.6"]
[White "Chibukhchian, Artur"]
[Black "Harutjunyan, Gevorg"]
[Result "0-1"]
[WhiteTitle "GM"]
[BlackTitle "GM"]
[WhiteElo "2430"]
[BlackElo "2444"]
[WhiteFideId "13300717"]
[BlackFideId "13300873"]
[EventDate "2014.08.21"]

1. d4 Nf6 2. Nf3 g6 3. c4 Bg7 4. Nc3 O-O 5. Bg5 d6 6. h3 a6 7. e3 c5 8. Be2 Nc6
9. d5 Nb8 10. O-O Nbd7 11. a4 Re8 12. Nd2 Qb6 13. Qc2 Nf8 14. a5 Qc7 15. f4 Rb8
16. e4 N6d7 17. Bd3 b6 18. axb6 Rxb6 19. Nf3 Rb4 20. Rae1 Qb8 21. Re2 a5 22. Bh4
Ba6 23. Nd1 Nb6 24. Nd2 e6 25. Rfe1 Nfd7 26. dxe6 Rxe6 27. Kh1 Re8 28. Rf1 d5
29. exd5 Rxe2 30. Bxe2 Nxd5 31. f5 Nf4 32. Bg4 h5 33. fxg6 Nxg6 34. Bxd7 Nxh4
35. Qe4 Qd8 36. Bc6 Qxd2 37. Qe8+ Kh7 38. Be4+ Ng6 39. Ne3 Bxc4 40. Rf5 Qxe3 41.
Rxh5+ Bh6 42. Bxg6+ Kxg6 43. Qg8+ Kf6 44. Qh8+ Bg7 0-1

[Event "75th ch-ARM 1st League 2014"]
[Site "Yerevan ARM"]
[Date "2014.08.31"]
[Round "10.7"]
[White "Torosyan, Norayr"]
[Black "Poghosyan, Suren"]
[Result "1-0"]
[BlackTitle "FM"]
[WhiteElo "2321"]
[BlackElo "2284"]
[WhiteFideId "13300431"]
[BlackFideId "13303201"]
[EventDate "2014.08.21"]

1. e4 e5 2. Nf3 Nc6 3. d4 exd4 4. Nxd4 Bb4+ 5. c3 Bc5 6. Be3 Bb6 7. Nf5 Bxe3 8.
Nxe3 Nf6 9. f3 O-O 10. Be2 Qe7 11. Qd2 Re8 12. c4 Qc5 13. Nc3 Ne7 14. a3 a5 15.
O-O-O Ra6 16. Kb1 Ng6 17. Ncd5 Ne5 18. Rc1 Ree6 19. Rhd1 d6 20. Nf5 Ng6 21. Nd4
Re5 22. Nxf6+ gxf6 23. Nb3 Qf2 24. c5 Ra8 25. cxd6 a4 26. Nd4 cxd6 27. g3 d5 28.
Qh6 dxe4 29. f4 Rd5 30. Bc4 Rxd4 31. Bxf7+ Kxf7 32. Qxh7+ Ke6 33. f5+ Kd5 34.
Qf7+ Ke5 35. Rc5+ 1-0

[Event "75th ch-ARM 1st League 2014"]
[Site "Yerevan ARM"]
[Date "2014.09.01"]
[Round "11.1"]
[White "Alaverdyan, Gevorg"]
[Black "Harutyunian, Tigran K."]
[Result "0-1"]
[WhiteTitle "FM"]
[BlackTitle "IM"]
[WhiteElo "2369"]
[BlackElo "2439"]
[WhiteFideId "13303058"]
[BlackFideId "13303635"]
[EventDate "2014.08.21"]

1. e4 e5 2. Nf3 Nc6 3. Bb5 a6 4. Ba4 Nf6 5. O-O Be7 6. Re1 b5 7. Bb3 O-O 8. c3
d5 9. exd5 Nxd5 10. Nxe5 Nxe5 11. Rxe5 c6 12. d4 Bd6 13. Re1 Qh4 14. g3 Qh3 15.
Be3 Bg4 16. Qd3 Rae8 17. Nd2 Re6 18. a4 bxa4 19. Bxd5 cxd5 20. Qf1 a3 21. Qxh3
Bxh3 22. bxa3 Rc8 23. Rec1 f5 24. c4 f4 25. cxd5 Rxc1+ 26. Rxc1 Rg6 27. Rc3 h5
28. Nf3 fxe3 29. fxe3 Rf6 30. e4 Bg4 31. Nd2 Bb8 32. Kg2 h4 33. gxh4 Bf4 34. Nf3
Rb6 35. e5 Rb2+ 36. Kf1 Kf7 37. Ng5+ Kg6 38. d6 Rb1+ 39. Kg2 Rb2+ 40. Kf1 Rd2
41. Rc6 Bd7 42. Rc7 Bb5+ 43. Ke1 Rxh2 44. Nf3 Bg3+ 45. Kd1 Be2+ 46. Kd2 Bxf3+
47. Ke3 Bg4 48. d7 Bxh4 49. d5 Bg5+ 50. Kd4 Rd2+ 51. Kc5 Be7+ 52. d6 Rc2+ 53.
Kd5 Rxc7 54. e6 Rxd7 55. Kd4 0-1

[Event "75th ch-ARM 1st League 2014"]
[Site "Yerevan ARM"]
[Date "2014.09.01"]
[Round "11.2"]
[White "Mikaelyan, Arman"]
[Black "Torosyan, Norayr"]
[Result "1-0"]
[WhiteElo "2327"]
[BlackElo "2321"]
[WhiteFideId "13304852"]
[BlackFideId "13300431"]
[EventDate "2014.08.21"]

1. Nf3 Nf6 2. g3 d5 3. Bg2 e6 4. d4 Be7 5. c4 O-O 6. Nc3 dxc4 7. Ne5 Nc6 8. Bxc6
bxc6 9. Nxc6 Qe8 10. Nxe7+ Qxe7 11. Qa4 e5 12. Qxc4 exd4 13. Qxd4 Bh3 14. Bg5 c5
15. Bxf6 gxf6 16. Qe4 Qd6 17. Rd1 Qa6 18. g4 h5 19. Rg1 Rfe8 20. Qd3 Qb6 21.
gxh5+ Kh8 22. Qxh3 Qxb2 23. Qf3 f5 24. Qg3 Rxe2+ 25. Nxe2 Re8 26. Qf3 Qc2 27.
Rg3 1-0

[Event "75th ch-ARM 1st League 2014"]
[Site "Yerevan ARM"]
[Date "2014.09.01"]
[Round "11.3"]
[White "Martirosyan, Haik M."]
[Black "Babujian, Levon"]
[Result "1-0"]
[WhiteTitle "FM"]
[BlackTitle "GM"]
[WhiteElo "2328"]
[BlackElo "2484"]
[WhiteFideId "13306553"]
[BlackFideId "13301993"]
[EventDate "2014.08.21"]

1. d4 Nf6 2. c4 e6 3. Nc3 d5 4. Bg5 Be7 5. Nf3 O-O 6. e3 h6 7. Bh4 b6 8. cxd5
exd5 9. Bd3 Be6 10. O-O Nbd7 11. Qc2 c5 12. Bf5 Rc8 13. Rad1 Qc7 14. Bxe6 fxe6
15. e4 dxe4 16. Nxe4 c4 17. Rfe1 Rce8 18. Bxf6 Nxf6 19. Nxf6+ Bxf6 20. b3 b5 21.
bxc4 bxc4 22. Rc1 Rc8 23. Qe2 c3 24. Qxe6+ Qf7 25. h3 Qxe6 26. Rxe6 Rc4 27. Re3
Rfc8 28. Rc2 a5 29. Kf1 a4 30. Ke2 a3 31. Kd3 Rb4 32. Ree2 Rb2 33. Ng1 Rb1 34.
Nf3 Rd1+ 35. Red2 cxd2 36. Rxc8+ Kf7 37. Rc2 Rg1 38. Kxd2 Rxg2 39. Ke2 Ke6 40.
Rc3 Be7 41. Re3+ Kf6 42. Kf1 Rg6 43. d5 Bd8 44. Re6+ Kf5 45. Nd4+ Kg5 46. d6 Rf6
47. Rxf6 Bxf6 48. d7 Kf4 49. Ke2 h5 50. d8=Q Bxd8 51. Ne6+ Ke5 52. Nxd8 g5 53.
Nf7+ Kf4 54. Nd6 g4 55. h4 g3 56. f3 g2 57. Kf2 g1=Q+ 58. Kxg1 Kxf3 59. Nc4 1-0

[Event "75th ch-ARM 1st League 2014"]
[Site "Yerevan ARM"]
[Date "2014.09.01"]
[Round "11.4"]
[White "Shahinyan, David"]
[Black "Hayrapetyan, Hovik"]
[Result "1/2-1/2"]
[WhiteTitle "FM"]
[BlackTitle "GM"]
[WhiteElo "2383"]
[BlackElo "2438"]
[WhiteFideId "13304380"]
[BlackFideId "13302639"]
[EventDate "2014.08.21"]

1. e4 c5 2. Nc3 Nc6 3. g3 g6 4. Bg2 Bg7 5. d3 d6 6. Be3 Nf6 7. h3 Rb8 8. Qd2 b5
9. Nge2 b4 10. Nd1 O-O 11. O-O Qb6 12. f4 Nd4 13. Nxd4 cxd4 14. Bf2 h5 15. b3 e5
16. a3 Be6 17. axb4 Bh6 18. Qe2 Qc7 19. Be1 d5 20. fxe5 Qxe5 21. Ra5 Rbc8 22.
Nb2 Be3+ 23. Kh2 Nd7 24. Nc4 dxc4 25. Rxe5 cxd3 26. Qxd3 Nxe5 27. Qb5 Nd7 28.
Qe2 Ne5 29. Bf2 Rc3 30. Be1 Rc7 31. c4 Nxc4 32. bxc4 Bxc4 33. Qc2 Rfc8 34. Rf3
Be6 35. Qd3 Rc2 36. Rxe3 dxe3 37. Qxe3 Ra2 38. Qd4 Rcc2 39. Bc3 Rxg2+ 40. Kh1
Rh2+ 41. Kg1 Rag2+ 42. Kf1 Rf2+ 43. Qxf2 Bxh3+ 44. Kg1 Rxf2 45. Kxf2 a6 46. Ke3
Kf8 47. Bf6 Ke8 48. Kf4 Kd7 49. e5 Ke6 50. Ke4 1/2-1/2

[Event "75th ch-ARM 1st League 2014"]
[Site "Yerevan ARM"]
[Date "2014.09.01"]
[Round "11.5"]
[White "Gabuzyan, Hovhannes"]
[Black "Vardanian, Haik G."]
[Result "1-0"]
[WhiteTitle "GM"]
[BlackTitle "FM"]
[WhiteElo "2582"]
[BlackElo "2314"]
[WhiteFideId "13303732"]
[BlackFideId "13303562"]
[EventDate "2014.08.21"]

1. Nf3 Nf6 2. d4 b6 3. g3 Bb7 4. Bg2 c5 5. dxc5 bxc5 6. c4 g6 7. b3 Bg7 8. Bb2
O-O 9. O-O a5 10. Nc3 Ne4 11. Nxe4 Bxb2 12. Nxc5 Bxa1 13. Nxb7 Qc7 14. Qxa1 Qxb7
15. Ne5 Nc6 16. Rd1 Qa6 17. Rxd7 Nxe5 18. Qxe5 Rad8 19. Bb7 Qb6 20. Rxe7 a4 21.
c5 Qb4 22. Bd5 a3 23. Bc4 Qe1+ 24. Kg2 Rd1 25. Bxf7+ Rxf7 26. Re8+ Rf8 27. Qe6+
Kg7 28. Re7+ 1-0

[Event "75th ch-ARM 1st League 2014"]
[Site "Yerevan ARM"]
[Date "2014.09.01"]
[Round "11.6"]
[White "Poghosyan, Suren"]
[Black "Chibukhchian, Artur"]
[Result "1/2-1/2"]
[WhiteTitle "FM"]
[BlackTitle "GM"]
[WhiteElo "2284"]
[BlackElo "2430"]
[WhiteFideId "13303201"]
[BlackFideId "13300717"]
[EventDate "2014.08.21"]

1. d4 Nf6 2. c4 e6 3. Nc3 Bb4 4. e3 O-O 5. Ne2 d5 6. a3 Be7 7. cxd5 exd5 8. g3
a5 9. Bg2 Na6 10. O-O c6 11. f3 c5 12. Bd2 Re8 13. Be1 Nc7 14. Bf2 h5 15. Rc1 b6
16. Re1 Ne6 17. h3 Ba6 18. g4 b5 19. dxc5 Bxc5 20. Nd4 Bxd4 21. exd4 b4 22. axb4
axb4 23. Ne2 Qd6 24. Qd2 Bxe2 25. Rxe2 Nf4 26. Rxe8+ Rxe8 27. Re1 Rc8 28. Bf1
Nh7 29. Be3 Ne6 30. Kg2 Nhf8 31. gxh5 Nh7 32. h6 g6 33. Bf2 Nf4+ 34. Kh1 Nf6 35.
Re5 N6h5 36. Qe1 Kh7 37. Re7 Qf6 38. Re5 Rc2 39. Bh4 Qc6 40. Re7 Rc1 41. Rxf7+
Kxh6 42. Bg5+ Kxg5 43. Qe5+ Kh4 44. Rxf4+ Nxf4 45. Qxf4+ Kh5 46. h4 Rxf1+ 47.
Kg2 Qc1 48. Qe5+ g5 49. Qe8+ Kh6 50. Qh8+ Kg6 51. Qg8+ Kf6 52. Qxg5+ Ke6 53.
Qe5+ Kf7 54. Qxd5+ Kg7 55. Qd7+ Kh6 56. Qe6+ 1/2-1/2

[Event "75th ch-ARM 1st League 2014"]
[Site "Yerevan ARM"]
[Date "2014.09.01"]
[Round "11.7"]
[White "Harutjunyan, Gevorg"]
[Black "Petrosian, Davit G."]
[Result "1/2-1/2"]
[WhiteTitle "GM"]
[BlackTitle "GM"]
[WhiteElo "2444"]
[BlackElo "2398"]
[WhiteFideId "13300873"]
[BlackFideId "13301349"]
[EventDate "2014.08.21"]

1. e4 e6 2. d4 d5 3. Nc3 Bb4 4. Ne2 Nf6 5. a3 Be7 6. exd5 exd5 7. Ng3 Bg4 8. Be2
Bxe2 9. Qxe2 O-O 10. O-O c6 11. Nf5 Re8 12. Qf3 Bf8 13. Bf4 Re6 14. Rae1 Qe8 15.
Rxe6 Qxe6 1/2-1/2

[Event "75th ch-ARM 1st League 2014"]
[Site "Yerevan ARM"]
[Date "2014.09.02"]
[Round "12.1"]
[White "Torosyan, Norayr"]
[Black "Chibukhchian, Artur"]
[Result "0-1"]
[BlackTitle "GM"]
[WhiteElo "2321"]
[BlackElo "2430"]
[WhiteFideId "13300431"]
[BlackFideId "13300717"]
[EventDate "2014.08.21"]

1. e4 c5 2. Nf3 e6 3. d4 cxd4 4. Nxd4 a6 5. Bd3 Bc5 6. Nb3 Ba7 7. O-O Nc6 8. Qe2
d6 9. Be3 Nf6 10. c4 O-O 11. Nc3 Bxe3 12. Qxe3 e5 13. h3 Be6 14. Rac1 Rc8 15.
Nd5 Nd7 16. Rfd1 b6 17. Nd2 Nc5 18. Nf3 Bxd5 19. cxd5 Nb4 20. Bb1 a5 21. Qe2 Qd7
22. Rxc5 bxc5 23. a3 Rb8 24. axb4 Rxb4 25. Ne1 Rfb8 26. Nd3 Rd4 27. Rc1 Qb5 28.
Bc2 a4 29. Kh2 g6 30. Qe3 Kg7 31. f4 exf4 32. Nxf4 Qe8 33. Kh1 Rxb2 34. Qc3 Qb5
35. Bxa4 Qb4 36. Qg3 Rxe4 37. Nh5+ Kh6 38. Nf6 Rf4 39. Ng4+ Kg7 40. Bc2 Qd2 41.
Qe3 Rxc2 42. Rxc2 Rf1+ 43. Kh2 Qxc2 44. Qh6+ Kg8 45. Qg5 Qe4 0-1

[Event "75th ch-ARM 1st League 2014"]
[Site "Yerevan ARM"]
[Date "2014.09.02"]
[Round "12.2"]
[White "Petrosian, Davit G."]
[Black "Poghosyan, Suren"]
[Result "1/2-1/2"]
[WhiteTitle "GM"]
[BlackTitle "FM"]
[WhiteElo "2398"]
[BlackElo "2284"]
[WhiteFideId "13301349"]
[BlackFideId "13303201"]
[EventDate "2014.08.21"]

1. e4 e6 2. d4 d5 3. exd5 exd5 4. Bd3 Bd6 5. Ne2 Ne7 6. O-O Bf5 7. Bxf5 Nxf5 8.
Bf4 O-O 9. Qd3 Qf6 10. Bxd6 Nxd6 11. Nd2 c6 12. Ng3 Nd7 13. Rae1 Rae8 14. c3 Qg6
15. Qxg6 hxg6 16. f3 1/2-1/2

[Event "75th ch-ARM 1st League 2014"]
[Site "Yerevan ARM"]
[Date "2014.09.02"]
[Round "12.3"]
[White "Harutyunian, Tigran K."]
[Black "Martirosyan, Haik M."]
[Result "1/2-1/2"]
[WhiteTitle "IM"]
[BlackTitle "FM"]
[WhiteElo "2439"]
[BlackElo "2328"]
[WhiteFideId "13303635"]
[BlackFideId "13306553"]
[EventDate "2014.08.21"]

1. Nf3 Nf6 2. c4 e6 3. g3 b6 4. Bg2 Bb7 5. O-O c5 6. Nc3 Be7 7. d4 cxd4 8. Qxd4
d6 9. Rd1 a6 10. b3 Nbd7 11. e4 Qc7 12. Ba3 Nc5 13. e5 dxe5 14. Qxe5 Qxe5 15.
Nxe5 Bxg2 16. Kxg2 Rc8 17. Bb2 Rc7 18. Rd4 Nfd7 19. Nxd7 Rxd7 20. Rad1 Rxd4 21.
Rxd4 f5 22. Rd1 Kf7 23. b4 Nb7 24. Rd7 Nd6 25. c5 bxc5 26. bxc5 Nc4 27. Bc1 Kf6
28. Na4 Rc8 29. Rd4 Ne5 30. f4 Nc6 31. Rd7 Kf7 32. Nb6 Ke8 33. Be3 Rd8 34. Rc7
Nb4 35. c6 Bd6 36. Rxg7 Nxc6 37. Rxh7 Bf8 38. Rc7 Nb4 39. Nc4 Nd5 40. Rc6 Nxe3+
41. Nxe3 Rd2+ 42. Kf3 Kd7 43. Rxa6 Rxh2 44. Ra5 Bb4 45. Rb5 Bd6 46. Ra5 Bb4 47.
Ra7+ Kc6 48. Ra6+ Kd7 49. Nc4 Bc5 50. Ne5+ Ke7 51. g4 Rh3+ 52. Kg2 fxg4 53. Nxg4
Rc3 54. Rc6 Bd4 55. Rxc3 Bxc3 56. Kf3 Kd6 57. Ke4 Kc5 58. Ne5 Kb4 59. Kd3 Be1
60. Kc2 Ka3 61. Kb1 Bg3 62. Nc4+ Kb4 63. Ne5 Ka3 64. Nd3 Bh2 1/2-1/2

[Event "75th ch-ARM 1st League 2014"]
[Site "Yerevan ARM"]
[Date "2014.09.02"]
[Round "12.4"]
[White "Hayrapetyan, Hovik"]
[Black "Gabuzyan, Hovhannes"]
[Result "0-1"]
[WhiteTitle "GM"]
[BlackTitle "GM"]
[WhiteElo "2438"]
[BlackElo "2582"]
[WhiteFideId "13302639"]
[BlackFideId "13303732"]
[EventDate "2014.08.21"]

1. c4 c5 2. Nc3 g6 3. g3 Bg7 4. Bg2 Nc6 5. e3 h5 6. h3 e5 7. Nge2 Nge7 8. O-O
O-O 9. a3 d6 10. Rb1 a5 11. Nd5 Nxd5 12. cxd5 Ne7 13. b4 cxb4 14. axb4 f5 15. b5
h4 16. f4 hxg3 17. fxe5 Bxe5 18. d4 Bg7 19. b6 Ra6 20. Qb3 Bd7 21. Nf4 a4 22.
Qb4 Nc8 23. Ne6 Bxe6 24. dxe6 Qe7 25. Qc4 Nxb6 26. Qa2 d5 27. Ba3 Qxe6 28. Bxf8
Bxf8 29. Rfe1 Kh7 30. e4 f4 31. exd5 Qf6 32. Re6 Qxd4+ 33. Kh1 Nd7 34. Re4 Qf6
35. Rxb7 Rd6 36. Qxa4 f3 37. Rxd7+ Rxd7 38. Qxd7+ Bg7 39. Qa7 f2 40. Rh4+ Qxh4
41. Qa6 Qd4 42. Bf3 Qf6 43. Qd3 Qf5 0-1

[Event "75th ch-ARM 1st League 2014"]
[Site "Yerevan ARM"]
[Date "2014.09.02"]
[Round "12.5"]
[White "Babujian, Levon"]
[Black "Shahinyan, David"]
[Result "1-0"]
[WhiteTitle "GM"]
[BlackTitle "FM"]
[WhiteElo "2484"]
[BlackElo "2383"]
[WhiteFideId "13301993"]
[BlackFideId "13304380"]
[EventDate "2014.08.21"]

1. d4 d6 2. e4 Nf6 3. Nc3 e5 4. Nge2 Nbd7 5. f3 Be7 6. Be3 c6 7. Qd2 O-O 8.
O-O-O b5 9. g4 Qa5 10. Ng3 Nb6 11. g5 Ne8 12. Nf5 Bxf5 13. exf5 b4 14. Nb1 exd4
15. Qxd4 Qxf5 16. h4 Nd5 17. Bd2 Nec7 18. Bd3 Qd7 19. h5 Ne6 20. Qg4 f5 21. gxf6
Bxf6 22. Qe4 Ng5 23. Bxg5 Bxg5+ 24. f4 Nf6 25. Qxb4 Bh6 26. Nd2 Rae8 27. Qa4 d5
28. Kb1 Qc7 29. f5 c5 30. c4 d4 31. Nb3 Ng4 32. Rdf1 Qg3 33. Nxc5 Re5 34. Rhg1
Qh3 35. Rxg4 Qxg4 36. Nd7 Qg3 37. Nxe5 Qxe5 38. Qd7 Bg5 39. h6 Rf7 40. Qc6 Bxh6
41. c5 Rf8 42. f6 Rxf6 43. Qa8+ Kf7 44. Qxa7+ Kf8 45. Rd1 Bf4 46. Qa8+ Qb8 47.
Qe4 g6 48. Bc4 Be3 49. Qd5 Ke7 50. a3 h5 51. Rd3 Qf4 52. Ka2 Qf5 53. Qb7+ Kf8
54. Qa7 Qf1 55. Qa8+ Kg7 56. Qg8+ Kh6 57. Rxe3 Rf8 58. Bxf1 Rxg8 59. Re4 Rf8 60.
Bd3 1-0

[Event "75th ch-ARM 1st League 2014"]
[Site "Yerevan ARM"]
[Date "2014.09.02"]
[Round "12.6"]
[White "Vardanian, Haik G."]
[Black "Harutjunyan, Gevorg"]
[Result "1/2-1/2"]
[WhiteTitle "FM"]
[BlackTitle "GM"]
[WhiteElo "2314"]
[BlackElo "2444"]
[WhiteFideId "13303562"]
[BlackFideId "13300873"]
[EventDate "2014.08.21"]

1. c4 g6 2. g3 Bg7 3. Bg2 c6 4. Nc3 Nf6 5. d4 O-O 6. d5 Qa5 7. Bd2 Qb6 8. Rb1 d6
9. e4 e6 10. Be3 Qa6 11. Bf1 exd5 12. cxd5 Qa5 13. b4 Qc7 14. Rc1 Qe7 15. Bg2 a5
16. b5 cxb5 17. Nxb5 Nxe4 18. Rc7 Bd7 19. Ne2 Na6 20. Rxb7 Nac5 21. Rc7 Qd8 22.
Rc6 Bxc6 23. dxc6 Qb6 24. a4 Qxc6 25. O-O Ne6 26. f3 Nf6 27. f4 Qa6 28. f5 Ng4
29. Qb3 Nc5 30. Bxc5 dxc5 31. Bxa8 Qxa8 32. Rf4 Ne5 33. Qe3 Rd8 34. Qe4 Qxe4 35.
Rxe4 gxf5 36. Rf4 Rd1+ 37. Kg2 Rd2 38. Kf1 Rd1+ 39. Kg2 Ng4 40. h3 Ne3+ 41. Kf3
Nd5 42. Rxf5 Rf1+ 43. Ke4 Nf6+ 44. Ke5 Re1 45. Nc3 Ne4+ 46. Kxe4 Bxc3 47. Rxc5
Rxe2+ 48. Kd3 Rg2 49. Kxc3 Rxg3+ 50. Kc4 Rxh3 51. Rxa5 Rh4+ 52. Kb3 Kg7 53. Rg5+
Kf6 54. Rg2 h5 55. a5 Re4 56. a6 h4 57. Ra2 Re8 58. Kc4 Kg5 59. Rg2+ Kh5 60. Rf2
Re7 61. Kb5 h3 62. Kb6 Kg4 63. a7 Rxa7 64. Kxa7 f5 65. Kb6 f4 66. Kc5 Kg3 67.
Rf1 f3 68. Rg1+ Kh2 69. Rg8 f2 70. Rf8 Kg2 71. Rg8+ Kf3 72. Rf8+ Kg3 73. Kd4 h2
74. Ke3 Kg4 75. Rg8+ Kf5 76. Rh8 f1=N+ 77. Kf2 Nd2 78. Rxh2 Ne4+ 79. Ke3 Nf6 80.
Kd4 Ng4 81. Rh1 Nf6 82. Rh8 Ke6 83. Ke3 Ke5 84. Kf3 Kf5 85. Ra8 Ke5 86. Ra5+ Nd5 1/2-1/2